000 01150nam a2200337 i 4500
001 bg
003 KOSZ 005
005 20201105085205.0
008 981230s1985 pl a f |001 0 pol
015 _aPB 1985/5037
020 _a8301021764
035 _a(OCoLC)830193032
040 _aWA N
_cKOSZ 005/HR
_dKOSZ 005/HR
041 1 _apol
_hrus
080 _a517.2/.3
080 _a(07)
100 1 _aFihtengol'c, Grigorij Mihajlovič
_d(1888-1959)
_eAutor
245 1 0 _aRachunek różniczkowy i całkowy.
_nT. 2 /
_cG. M. Fichtenholz ; [ z ros. tł. Abraham Goetz et al.].
246 1 _iTyt. oryg.:
_aKurs differencial'nogo i integral'nogo isčislenija,
_f1960.
250 _aWyd. 9.
260 _aWarszawa :
_bPańst. Wydaw. Naukowe,
_c1985.
300 _a 696 s. :
_brys., wykr. ;
_c24 cm.
380 _aKsiążki.
504 _aIndeksy.
655 4 _aPodręcznik
650 4 _aRachunek całkowy
650 4 _aRachunek różniczkowy
700 1 _aGoetz, Abraham
_eTłumaczenie
856 _uhttp://koha.tu.koszalin.pl/cgi-bin/koha/opac-detail.pl?biblionumber=22808
_yKatalog online BPK
942 _2UKD
_cKS
999 _c22808
_d22808